Normal view
MARC view
- Refugees.
Entry Topical Term
001 - CONTROL NUMBER
- control field: 39986
003 - CONTROL NUMBER IDENTIFIER
- control field: OSt
005 - DATE AND TIME OF LATEST TRANSACTION
- control field: 20190927140025.0
008 - FIXED-LENGTH DATA ELEMENTS
- fixed length control field: 190927|| aca||aabn | a|a d
040 ## - CATALOGING SOURCE
- Original cataloging agency: OSt
- Transcribing agency: OSt
150 ## - HEADING--TOPICAL TERM
- Topical term or geographic name entry element: Refugees.
670 ## - SOURCE DATA FOUND
- Source citation: Work cat.: (OSt)14238: 39397 Worland, Justin., The next frontier for migrants is an even more dangerous one/, c2016.
